000 00696nam a2200229 i 4500
003 DO-SdBNP
005 20240226144733.0
007 ta
008 110413s1986 dr 000 0 spa d
040 _aDO-SdBNP
_bspa
_cBNPHU
_erda
082 _bB641r
_222
100 1 _aJorge Blanco, Salvador,
_d1926-2010
_930551
245 1 0 _aRelaciones internacionales /
_cSalvador Jorge Blanco
264 1 _aSanto Domingo :
_bLaboratorio fotomecánica Cipriano,
_c1986.
300 _a184 páginas
_c22 cm.
336 _2rdacontent
_atexto
_btxt
337 _2rdamedia
_asin mediación
_bn
338 _2rdacarrier
_avolumen
_bnc
590 _aInventariado, 2023/ YL
910 _aYLockward
942 _2ddc
_cLBS1
999 _c54704
_d54704